000 00741 a2200205 4500
010 _aENG-85320
020 _a8183186378
_c750.00 (for set of 3 vols.)
035 _aEN-68853
037 _bD.B.Act / Pub
082 1 4 _a530
090 _c2053
_d2053
100 1 _aSarode, R. T.
245 1 _aCollege physics
_boptics and electronics
_cby R. T. Sarode
260 _aDelhi
_bHimalaya Publishing House
_c2007
270 _aPooja Apartment, 4-B, Murari Lal Street, Ansari Road, Darya Ganj
_bDelhi
_e110 002
_k011-23270392
_l011-23256286
_mhimpub@vsnl.com
300 _aV.2 (336p.)
_c24 cm. (Hb.)
490 _v3 vols.
942 _adpl
_cEN
_k530 / SAR
999 _c2019
_d2019